00370nam a2200121Ia 4500008004100000245002500041245001300066260000900079650001700088856005100105999001900156952007300175171211s9999 xx 000 0 und d aStretching Dynamique cFrenette c1990 xMartial Arts uhttp://down.ebook777.com/065/9782907736039.pdf c348172d348172 001040aCLbCLd2017-12-11l0r2017-12-11 00:00:00w2017-12-11yCBE